Who Wrote That? #17 - Statistics

General Stats
  • This quiz has been taken 55 times
  • The average score is 5 of 10
Answer Stats
Hint Explanation Answer % Correct
“Oh, the places you’ll go! You’ll be on your way up! You’ll be seeing great sights! You’ll join the high fliers who soar to high heights.” Oh, the Places You’ll Go Dr. Seuss
80%
“Ralph wept for the end of innocence, the darkness of man’s heart, and the fall through the air of the true, wise friend called Piggy.” Lord of the Flies William Golding
80%
“And may the odds be ever in your favor.” The Hunger Games Suzanne Collins
77%
“Then you must teach my daughter this same lesson. How to lose your innocence but not your hope. How to laugh forever.” The Joy Luck Club Amy Tan
49%
“If you have the guts to be yourself, other people’ll pay your price.” Rabbit, Run John Updike
43%
“What does the brain matter compared with the heart?” Mrs. Dalloway Virginia Woolf
40%
“All human wisdom is summed up in these two words – ‘Wait and hope.’” The Count of Monte Cristo Alexandre Dumas
37%
“We were the people who were not in the papers. We lived in the blank white spaces at the edges of print. It gave us more freedom. We lived in the gaps between the stories.” The Handmaid’s Tale Margaret Atwood
37%
“The longer I live, the more uninformed I feel. Only the young have an explanation for everything.” City of the Beasts Isabel Allende
17%
“Open your eyes and see what you can with them before they close forever.” All the Light We Cannot See Anthony Doerr
14%
No matching quizzes found
Score Distribution
Percent of People with Each Score
Percentile by Number Answered
Your Score History
You have not taken this quiz